[Event "40th Olympiad Women"]
[Site "Istanbul TUR"]
[Date "2012.08.31"]
[Round "4.29"]
[Board "3"]
[White "Chirivi C, Jenny Astrid"]
[Black "Al-Fayyadh, Zainab Asif Abdulah"]
[Result "1-0"]
[WhiteTitle "WIM"]
[WhiteElo "2212"]
[BlackElo "1635"]
[WhiteTeam "Colombia"]
[BlackTeam "Iraq"]
[WhiteFideId "4403061"]
[BlackFideId "4806476"]
[EventDate "2012.08.28"]

1. d4 d5 2. c4 e6 3. Nc3 Nf6 4. cxd5 exd5 5. Bg5 Be7 6. e3 O-O 7. Bd3 h6 8. Bh4
b6 9. Rc1 Nbd7 10. Nf3 Bb7 11. O-O Ne4 12. Bxe7 Qxe7 13. Bb1 c5 14. dxc5 Nxc3
15. Rxc3 Nxc5 16. Qc2 g6 17. Nd4 Rac8 18. Rd1 Ne4 19. Rxc8 Rxc8 20. Qe2 Qf6 21.
Bd3 Rd8 22. h3 Kg7 23. Rc1 Rc8 24. Rxc8 Bxc8 25. Bxe4 dxe4 26. Qc2 Bf5 27. Qc7
a5 28. g4 Be6 29. Qxb6 Bxa2 30. Qxa5 Bc4 31. Qc3 Bd3 32. f4 Kh7 33. Kg2 Qa6 34.
Qe1 Qa2 35. Qf2 Qd5 36. h4 f6 37. f5 Kg7 38. fxg6 Kxg6 39. h5+ Kf7 40. Nf5 Qd7
41. Nxh6+ Kg7 42. Nf5+ Kg8 43. Qf4 Kf8 44. Qh6+ Kg8 45. Qg6+ Kf8 46. Qxf6+ Kg8
47. Ne7+ Kh7 48. Qf7+ 1-0

[Event "40th Olympiad Women"]
[Site "Istanbul TUR"]
[Date "2012.08.31"]
[Round "4.29"]
[Board "4"]
[White "Abdulzahra, Sali Abbas"]
[Black "Castrillon Gomez, Melissa"]
[Result "0-1"]
[WhiteTitle "WFM"]
[BlackTitle "WFM"]
[WhiteElo "1638"]
[BlackElo "2181"]
[WhiteTeam "Iraq"]
[BlackTeam "Colombia"]
[WhiteFideId "4804929"]
[BlackFideId "4402413"]
[EventDate "2012.08.28"]

1. e4 c5 2. Nf3 d6 3. c3 Nf6 4. d3 g6 5. Be2 Bg7 6. O-O O-O 7. Bf4 Nc6 8. Nbd2
e5 9. Bg5 h6 10. Bxf6 Qxf6 11. Nc4 Qd8 12. Nfd2 f5 13. Qb3 Kh7 14. Ne3 f4 15.
Nd5 Ne7 16. h3 Be6 17. Qxb7 Nxd5 18. exd5 Rb8 19. Qxa7 Bxd5 20. Qa4 Rxb2 21. Qd1
Qa5 22. Qc1 Rxa2 23. Rxa2 Qxa2 24. Bf3 Bxf3 25. Nxf3 d5 26. Re1 Rb8 27. Rf1 Rb2
28. d4 Rc2 29. Qe1 e4 30. Nh4 cxd4 31. cxd4 Bf6 32. Qb4 Qa7 33. Rb1 Bxh4 34. Qb5
Bxf2+ 35. Kh1 Qc7 36. Qf1 e3 0-1

[Event "40th Olympiad Women"]
[Site "Istanbul TUR"]
[Date "2012.08.31"]
[Round "4.30"]
[Board "1"]
[White "Razan, Alshaeby"]
[Black "Sop, Selen"]
[Result "0-1"]
[BlackTitle "WCM"]
[WhiteElo "1687"]
[BlackElo "1993"]
[WhiteTeam "Jordan"]
[BlackTeam "Turkey 2016"]
[WhiteFideId "8102953"]
[BlackFideId "6300278"]
[EventDate "2012.08.28"]

1. c4 e5 2. Nc3 Nf6 3. Nf3 Nc6 4. d3 d5 5. cxd5 Nxd5 6. Nxd5 Qxd5 7. g3 Be7 8.
Bg2 O-O 9. O-O Qd6 10. Bd2 f6 11. Qc2 Be6 12. a3 Kh8 13. b4 Bd5 14. b5 Bxf3 15.
bxc6 Bxg2 16. Kxg2 bxc6 17. Rfc1 c5 18. Be3 Qd5+ 19. Kg1 f5 20. Bxc5 Rfe8 21.
Bxe7 Rxe7 22. Rab1 Rf8 23. Qc5 Qf7 24. Qxa7 c6 25. Qc5 f4 26. f3 fxg3 27. hxg3
Re6 28. Rb6 Rg6 29. Kf2 e4 30. dxe4 Rf6 31. Rc3 Rc8 32. a4 Qd7 33. Kg2 Qd1 34.
Qe3 Rh6 35. Qg1 Qxe2+ 36. Qf2 Rh2+ 37. Kxh2 Qxf2+ 38. Kh1 Qxb6 0-1

[Event "40th Olympiad Women"]
[Site "Istanbul TUR"]
[Date "2012.08.31"]
[Round "4.30"]
[Board "2"]
[White "Arig, Busra"]
[Black "Fuad Kamel Jamaliah, Natalie"]
[Result "0-1"]
[BlackTitle "WIM"]
[WhiteElo "1864"]
[BlackElo "1997"]
[WhiteTeam "Turkey 2016"]
[BlackTeam "Jordan"]
[WhiteFideId "6309356"]
[BlackFideId "724190"]
[EventDate "2012.08.28"]

1. d4 d5 2. Nf3 Nf6 3. c4 e6 4. Nc3 Be7 5. Bg5 O-O 6. e3 h6 7. Bh4 Ne4 8. Bxe7
Qxe7 9. Rc1 Nxc3 10. Rxc3 c6 11. Bd3 dxc4 12. Bxc4 Nd7 13. O-O e5 14. e4 exd4
15. Qxd4 Nb6 16. Bd3 Rd8 17. Qe3 Be6 18. Bb1 Bg4 19. Nd4 Qe5 20. Nb3 Na4 21. f4
Qe7 22. Rcc1 Be6 23. f5 Bxb3 24. axb3 Nb6 25. f6 Qe5 26. Kh1 Nd5 27. Qc5 b6 28.
Qxc6 Nxf6 29. Rf5 Qxb2 30. Rcf1 Rac8 31. Qb5 Rc1 32. Bd3 Rxf1+ 33. Rxf1 Qd4 34.
Bc4 Qxe4 35. Qb4 Qe3 36. Re1 Qd2 37. Qe7 Rf8 38. Rf1 Qd7 39. Qe3 b5 40. Bd3 Qe8
41. Qxa7 Qe5 42. Qa5 Ng4 0-1

[Event "40th Olympiad Women"]
[Site "Istanbul TUR"]
[Date "2012.08.31"]
[Round "4.30"]
[Board "3"]
[White "Boshra, Alshaeby"]
[Black "Patel, Yesim"]
[Result "1/2-1/2"]
[WhiteTitle "WFM"]
[WhiteElo "1927"]
[BlackElo "1845"]
[WhiteTeam "Jordan"]
[BlackTeam "Turkey 2016"]
[WhiteFideId "8102937"]
[BlackFideId "6300200"]
[EventDate "2012.08.28"]

1. d4 d5 2. c4 e6 3. Nf3 Nf6 4. e3 Be7 5. Bd3 O-O 6. O-O Nbd7 7. Qe2 c6 8. Nbd2
dxc4 9. Nxc4 b5 10. Nce5 Nxe5 11. Nxe5 Bb7 12. Bd2 a6 13. b4 Nd5 14. a3 f6 15.
Nf3 Bd6 16. g3 e5 17. Nh4 g6 18. f4 exd4 19. Qg4 Bc8 20. f5 dxe3 21. Nxg6 hxg6
22. Qxg6+ Kh8 23. Qh6+ Kg8 24. Qg6+ Kh8 25. Qh6+ Kg8 1/2-1/2

[Event "40th Olympiad Women"]
[Site "Istanbul TUR"]
[Date "2012.08.31"]
[Round "4.30"]
[Board "4"]
[White "Durmaz, Ayca Fatma"]
[Black "Alattar, Ghayda M."]
[Result "1/2-1/2"]
[BlackTitle "WFM"]
[WhiteElo "1801"]
[BlackElo "1921"]
[WhiteTeam "Turkey 2016"]
[BlackTeam "Jordan"]
[WhiteFideId "6317855"]
[BlackFideId "8101531"]
[EventDate "2012.08.28"]

1. c4 e5 2. g3 Nf6 3. Bg2 d5 4. cxd5 Nxd5 5. Nc3 Nb6 6. Nf3 Nc6 7. O-O Be7 8. d3
O-O 9. a3 a5 10. Be3 Be6 11. Ne4 f5 12. Nc5 Bxc5 13. Bxc5 Re8 14. Rc1 a4 15. Nd2
Na5 16. f4 Nb3 17. Nxb3 Bxb3 18. Qe1 Bd5 19. e4 fxe4 20. dxe4 Bb3 21. Qc3 Nd7
22. fxe5 Nxe5 23. Bd4 Qd6 24. Rf5 Ng4 25. Bxg7 Qg6 26. Bd4 Rad8 27. Rcf1 Be6 28.
R5f4 Nh6 29. Rf6 Qh5 30. h4 Ng4 31. R6f4 Qg6 32. Qc5 b6 33. Qc3 c5 34. Bf6 Rd7
35. e5 Qd3 36. Be4 Qe2 37. Bg2 Rd2 38. Qf3 Ne3 39. Qxe2 Rxe2 40. R1f2 Re1+ 41.
Rf1 Nxf1 42. Rxf1 Rxf1+ 43. Bxf1 c4 44. Bg5 Bd5 45. Bf4 Kf7 46. Kf2 Rc8 47. Bd2
Be6 48. Bc3 Bg4 49. Ke3 Ke6 50. Bg2 Rd8 51. Bd4 Rb8 52. Bc6 Bd1 53. Bb5 Bb3 54.
Bc6 Rg8 55. Kf2 Rb8 56. Ke3 b5 57. Bc3 Rg8 58. Bd4 Rb8 59. Bc3 1/2-1/2

[Event "40th Olympiad Women"]
[Site "Istanbul TUR"]
[Date "2012.08.31"]
[Round "4.31"]
[Board "1"]
[White "Baklanova, Tatiana"]
[Black "Jalloul, Maya M."]
[Result "1-0"]
[WhiteTitle "WIM"]
[BlackTitle "WFM"]
[WhiteElo "2220"]
[BlackElo "1923"]
[WhiteTeam "ICSC"]
[BlackTeam "Lebanon"]
[WhiteFideId "14100754"]
[BlackFideId "5300800"]
[EventDate "2012.08.28"]

1. d4 Nf6 2. c4 g6 3. Nc3 Bg7 4. e4 d6 5. f3 a6 6. Bg5 Nfd7 7. Qd2 Nc6 8. Nge2
h6 9. Bh4 g5 10. Bf2 Na5 11. Ng3 c5 12. Nf5 Bf8 13. dxc5 dxc5 14. O-O-O Nc6 15.
Bg3 Nf6 16. Qxd8+ Nxd8 17. Be5 Be6 18. Nd5 Bxd5 19. exd5 Rg8 20. Bd3 Nd7 21. Bc3
b6 22. Rhe1 Nb7 23. Ng3 Bg7 24. Bxg7 Rxg7 25. Nf5 Rg8 26. Nxe7 Rf8 1-0

[Event "40th Olympiad Women"]
[Site "Istanbul TUR"]
[Date "2012.08.31"]
[Round "4.31"]
[Board "2"]
[White "Makhlouf, Youmna"]
[Black "Mucha, Annegret"]
[Result "0-1"]
[WhiteTitle "WFM"]
[BlackTitle "WCM"]
[WhiteElo "1950"]
[BlackElo "2023"]
[WhiteTeam "Lebanon"]
[BlackTeam "ICSC"]
[WhiteFideId "5300819"]
[BlackFideId "24622788"]
[EventDate "2012.08.28"]

1. e4 c5 2. Nf3 Nc6 3. g3 g6 4. Bg2 Bg7 5. d3 e6 6. Nbd2 Nge7 7. O-O O-O 8. Re1
d5 9. e5 Qc7 10. Qe2 Nf5 11. c3 b6 12. Nf1 Ba6 13. Bf4 Rac8 14. Qd2 Rfd8 15.
Rab1 Rd7 16. h3 b5 17. g4 Nfe7 18. d4 cxd4 19. cxd4 Na5 20. b3 Qb6 21. Rec1 Rdc7
22. Rxc7 Rxc7 23. Ng3 b4 24. Rc1 Rxc1+ 25. Qxc1 Nec6 26. Ne2 Bxe2 27. Bh6 Bxf3
28. Bxg7 Kxg7 29. Bxf3 Qxd4 0-1

[Event "40th Olympiad Women"]
[Site "Istanbul TUR"]
[Date "2012.08.31"]
[Round "4.32"]
[Board "4"]
[White "Basnayake, I U"]
[Black "Stef, Shirin"]
[Result "1/2-1/2"]
[WhiteElo "1788"]
[BlackElo "1942"]
[WhiteTeam "Sri Lanka"]
[BlackTeam "Syria"]
[WhiteFideId "9901698"]
[BlackFideId "7602030"]
[EventDate "2012.08.28"]

1. e4 e6 2. d4 d5 3. Nd2 Nf6 4. e5 Nfd7 5. Bd3 c5 6. c3 Nc6 7. Ne2 cxd4 8. cxd4
Nb4 9. Bb1 Be7 10. O-O Qb6 11. a3 Nc6 12. Nf3 f6 13. exf6 Nxf6 14. Nc3 Bd7 15.
Bc2 Rc8 16. Qd3 Na5 17. Ne5 Nc4 18. Nxd7 Nxd7 19. Rb1 Bf6 20. Rd1 a6 21. Ba4 Qc7
22. Qe2 Kf7 23. Re1 Qd6 24. Bf4 Qe7 25. Qh5+ g6 26. Qf3 Ndb6 27. Re2 Nxa4 28.
Nxa4 b6 29. Rbe1 Rc6 30. Nc3 Rd8 31. Bg5 Kg7 32. Nxd5 Rxd5 33. Qxd5 exd5 34.
Rxe7+ Bxe7 35. Rxe7+ Kg8 36. Re8+ Kf7 37. Re7+ Kg8 38. Re2 Kf7 39. g3 Re6 1/2-1/2

[Event "40th Olympiad Women"]
[Site "Istanbul TUR"]
[Date "2012.08.31"]
[Round "4.33"]
[Board "1"]
[White "Samaganova, Alexandra"]
[Black "Cori T., Deysi"]
[Result "0-1"]
[BlackTitle "WGM"]
[WhiteElo "2057"]
[BlackElo "2413"]
[WhiteTeam "Kyrgyzstan"]
[BlackTeam "Peru"]
[WhiteFideId "13800221"]
[BlackFideId "3801934"]
[EventDate "2012.08.28"]

1. Nf3 e6 2. c4 Nf6 3. g3 b6 4. Bg2 Bb7 5. O-O Be7 6. d3 O-O 7. Nc3 d5 8. cxd5
Nxd5 9. Bd2 c5 10. a3 Nc6 11. Rb1 a5 12. Qa4 Qd7 13. d4 Rfd8 14. dxc5 Bxc5 15.
Rfd1 h6 16. e4 Nxc3 17. Bxc3 Qe7 18. Rxd8+ Rxd8 19. b4 axb4 20. axb4 Nd4 21.
Nxd4 Bxd4 22. Be1 e5 23. Rc1 Qd6 24. Qb3 Ra8 25. h4 Qf6 26. Rd1 Qg6 27. Qf3 Ra2
28. Kh2 Qc6 29. Rd2 Ra8 30. Qb3 Qc3 31. Qxc3 Bxc3 32. Rd1 Bxe1 33. Rxe1 Ra2 34.
f3 Rb2 35. Rd1 f5 36. Re1 fxe4 37. fxe4 Rxb4 38. Kg1 b5 39. Re2 Rd4 40. Kf2 b4
41. Ke3 Ba6 42. Ra2 Rd3+ 43. Kf2 Ra3 44. Rd2 b3 45. Bf3 Ra2 46. Ke3 b2 47. Rd8+
Kh7 48. Rb8 Bc4 49. Bd1 Ra3+ 50. Kd2 Rb3 51. Rxb3 Bxb3 52. Bc2 Ba2 0-1

[Event "40th Olympiad Women"]
[Site "Istanbul TUR"]
[Date "2012.08.31"]
[Round "4.33"]
[Board "2"]
[White "Aliaga Fernandez, Ingrid Y"]
[Black "Tilenbaev, Baktygul"]
[Result "1-0"]
[WhiteTitle "WFM"]
[WhiteElo "2169"]
[BlackElo "1940"]
[WhiteTeam "Peru"]
[BlackTeam "Kyrgyzstan"]
[WhiteFideId "3802191"]
[BlackFideId "13800639"]
[EventDate "2012.08.28"]

1. e4 e5 2. Nf3 Nc6 3. d4 exd4 4. Nxd4 Bc5 5. Be3 Qf6 6. c3 Nge7 7. Bc4 Ne5 8.
Be2 d5 9. f4 N5g6 10. e5 Qb6 11. b4 Bxd4 12. Bxd4 Qe6 13. O-O Nf5 14. Qd3 Nxd4
15. cxd4 Ne7 16. Nd2 h5 17. Nb3 Nf5 18. Rac1 c6 19. Bf3 Qh6 20. b5 Nh4 21. Na5
Bf5 22. Qa3 Qxf4 23. Nxb7 Qxd4+ 24. Kh1 c5 25. Rfd1 Qb4 26. Nd6+ Ke7 27. Qxb4
cxb4 28. Bxd5 Rab8 29. g3 Bg4 30. Rc7+ Kd8 31. Rdc1 Ng6 32. Nxf7+ Ke8 33. Nxh8
Nxh8 34. Rxg7 Rxb5 35. Bc6+ Kf8 36. Rxg4 1-0

[Event "40th Olympiad Women"]
[Site "Istanbul TUR"]
[Date "2012.08.31"]
[Round "4.33"]
[Board "3"]
[White "Alymbay, Kyzy Aizhan"]
[Black "Casusol, Cecilia"]
[Result "0-1"]
[WhiteElo "1810"]
[BlackElo "2030"]
[WhiteTeam "Kyrgyzstan"]
[BlackTeam "Peru"]
[WhiteFideId "13800043"]
[BlackFideId "3803163"]
[EventDate "2012.08.28"]

1. e4 c5 2. c3 d5 3. exd5 Qxd5 4. d4 cxd4 5. cxd4 Nc6 6. Nf3 Bg4 7. Be2 e6 8.
O-O Nf6 9. Nc3 Qd7 10. Be3 Be7 11. Qb3 Bd6 12. Rfd1 Na5 13. Qc2 Bf5 14. Qc1 O-O
15. Bg5 Ne4 16. Bb5 Qc7 17. Nxe4 Qxc1 18. Raxc1 Bxe4 19. Nd2 Bd5 20. Nc4 Bxc4
21. Bxc4 Nxc4 22. Rxc4 f6 23. Be3 Rfc8 24. Rdc1 Rxc4 25. Rxc4 Kf7 26. Kh1 Ke7
27. g3 Kd7 28. Kg2 b5 29. Rc2 a5 30. Kf3 b4 31. b3 a4 32. bxa4 Rxa4 33. Ke2 Ra3
34. Bc1 Ra6 35. Kd3 Bc7 36. Bd2 Bd6 37. Rb2 Kc6 38. Bxb4 Bxb4 39. Rxb4 Rxa2 40.
Rc4+ Kd5 41. Rc5+ Kd6 42. Rc2 Ra3+ 43. Rc3 Ra2 44. Rc2 Ra1 45. Ke3 Ra3+ 46. Ke2
g5 47. h3 h5 48. Rd2 Kd5 49. Rd3 Ra1 50. Kf3 Re1 51. g4 hxg4+ 52. hxg4 Re4 53.
Ra3 Rxd4 54. Ra5+ Kd6 55. Ra6+ Ke5 56. Ra5+ Rd5 57. Ra4 Rd3+ 58. Ke2 Rd4 59.
Ra5+ Kf4 60. f3 Rb4 61. Ra6 Rb2+ 62. Ke1 Kxf3 63. Rxe6 Kxg4 64. Rxf6 Kg3 65. Rd6
g4 66. Rd3+ Kh2 67. Rd8 g3 68. Rh8+ Kg1 69. Rg8 g2 70. Rg7 Rf2 71. Rg8 Rf3 72.
Ke2 Rh3 73. Rg7 Kh1 74. Kf2 Rh6 75. Rg3 Rf6+ 0-1

[Event "40th Olympiad Women"]
[Site "Istanbul TUR"]
[Date "2012.08.31"]
[Round "4.34"]
[Board "1"]
[White "Madrigal, Ana Daniela"]
[Black "Caoili, Arianne"]
[Result "0-1"]
[WhiteTitle "WFM"]
[BlackTitle "WIM"]
[WhiteElo "2026"]
[BlackElo "2204"]
[WhiteTeam "Nicaragua"]
[BlackTeam "Australia"]
[WhiteFideId "6101097"]
[BlackFideId "5201179"]
[EventDate "2012.08.28"]

1. d4 Nf6 2. Nf3 c5 3. c4 cxd4 4. Nxd4 Nc6 5. Nc3 e6 6. e4 Bb4 7. f3 O-O 8. Be3
Qa5 9. Qc1 d5 10. Nb3 Qc7 11. Bf4 Qd8 12. a3 Bxc3+ 13. Qxc3 Nh5 14. Bg3 Nxg3 15.
hxg3 dxe4 16. fxe4 e5 17. Be2 Qg5 18. Rh5 Qg6 19. O-O-O Qxe4 20. Bf3 Qg6 21.
Rdh1 h6 22. Nc5 Qxg3 23. Kb1 Qg6+ 24. Be4 f5 25. Bd5+ Kh7 26. Ka2 Qd6 27. Qe3
Ne7 28. Ne6 Nxd5 29. Nxf8+ Kg8 30. cxd5 Qxd5+ 31. Qb3 Qxb3+ 32. Kxb3 Kxf8 33. g4
Be6+ 34. Kb4 fxg4 35. Rxe5 Re8 36. Rf1+ Ke7 37. Rfe1 Kf6 38. R5e4 g6 39. Rf4+
Kg7 40. Rfe4 Kf7 41. Rf1+ Kg7 42. Rfe1 Kf6 43. Rf1+ Ke7 44. Rfe1 Kf7 45. Rf1+
Bf5 46. Rxg4 Re2 47. Kc3 Ke6 48. Rd4 h5 49. Rd8 Rc2+ 50. Kb3 Rc7 51. Re1+ Kf6
52. Rd6+ Kg5 53. Rg1+ Kf4 54. Rd4+ Ke5 55. Rd8 h4 56. Rh8 h3 57. Rg3 Kf4 58.
Rgxh3 Bxh3 59. Rxh3 g5 60. Rh8 g4 61. Rg8 g3 62. Rf8+ Ke3 63. Re8+ Kf2 64. Rf8+
Kg1 65. Rg8 g2 66. Rg6 Rh7 67. Rf6 Kh1 0-1

[Event "40th Olympiad Women"]
[Site "Istanbul TUR"]
[Date "2012.08.31"]
[Round "4.34"]
[Board "2"]
[White "Guo, Emma"]
[Black "Mendieta, Kathya"]
[Result "1/2-1/2"]
[WhiteTitle "WIM"]
[BlackTitle "WCM"]
[WhiteElo "2004"]
[BlackElo "1763"]
[WhiteTeam "Australia"]
[BlackTeam "Nicaragua"]
[WhiteFideId "3200795"]
[BlackFideId "6101496"]
[EventDate "2012.08.28"]

1. d4 Nf6 2. Nf3 d6 3. Bf4 g6 4. e3 Bg7 5. Be2 O-O 6. O-O Nc6 7. h3 Re8 8. c4
Nd7 9. Bh2 e5 10. Nc3 f5 11. d5 Ne7 12. b4 a5 13. a3 Nf6 14. Qb3 b6 15. Rfd1 Kh8
16. c5 bxc5 17. bxc5 Ba6 18. Ng5 Qb8 19. Qxb8 Rexb8 20. Bxa6 Rxa6 21. Rab1 Raa8
22. Rxb8+ Rxb8 23. cxd6 cxd6 24. Nf7+ Kg8 25. Nxd6 Nfxd5 26. Nxd5 Nxd5 27. g4
Ne7 28. Nc4 Kf7 29. Nxe5+ Bxe5 30. Bxe5 Rb3 31. Bd6 fxg4 32. hxg4 Ke6 33. e4 h6
34. Kg2 g5 35. f3 Rc3 36. Kg3 Ng6 37. e5 Nxe5 38. Bxe5 Kxe5 39. Rh1 Rc6 40. Rb1
Kf6 41. Rb5 a4 42. Rb4 Ra6 43. Re4 Kg6 44. Kf2 Ra5 45. Re6+ Kg7 46. Rb6 Rc5 47.
Rb4 Ra5 48. Ke3 Kg6 49. Rb6+ Kg7 50. Rc6 Rb5 51. Kd4 Ra5 52. Rc5 Ra6 53. Rc4 Kg6
54. Kc5 h5 1/2-1/2

[Event "40th Olympiad Women"]
[Site "Istanbul TUR"]
[Date "2012.08.31"]
[Round "4.35"]
[Board "1"]
[White "Olatunji, Oluwatobiloba"]
[Black "Vazquez Maccarini, Danitza"]
[Result "1-0"]
[BlackTitle "WFM"]
[WhiteElo "1818"]
[BlackElo "1916"]
[WhiteTeam "Nigeria"]
[BlackTeam "Puerto Rico"]
[WhiteFideId "8500924"]
[BlackFideId "3101193"]
[EventDate "2012.08.28"]

1. c4 e6 2. Nf3 d5 3. d4 Be7 4. Nc3 Nf6 5. Bg5 Nbd7 6. e3 c6 7. Bd3 dxc4 8. Bxc4
b5 9. Be2 a6 10. Rc1 h6 11. Bh4 Bb7 12. O-O Rc8 13. Qd3 c5 14. dxc5 Nxc5 15.
Qxd8+ Bxd8 16. b4 Bxf3 17. gxf3 Ncd7 18. a4 g5 19. Bg3 bxa4 20. Nxa4 Ra8 21. Rc6
Be7 22. Nb6 Nxb6 23. Rxb6 Nd5 24. Rxa6 Rxa6 25. Bxa6 f5 26. Be5 O-O 27. b5 Nb4
28. Rd1 Ra8 29. Rd7 Kf8 30. Bd6 Bxd6 31. Rxd6 Ke7 32. Rb6 Nd5 33. Rb7+ Kf6 34.
Rh7 Kg6 35. Rd7 Nb4 36. Bb7 Rb8 37. Bc6 Rb6 38. Rb7 Rxb7 39. Bxb7 Kf7 40. Bc8
Nd5 41. Kg2 Nb6 42. Bb7 Kf6 43. f4 gxf4 44. exf4 e5 45. Kf3 Nc4 46. Bd5 e4+ 47.
Ke2 Nb6 48. Bb3 Ke7 49. Ke3 Kd6 50. Kd4 Nc8 51. Bg8 Na7 52. Kc4 Nc8 53. Bh7 Kc7
54. Kc5 Nd6 55. b6+ Kd7 56. Bg8 Nb7+ 57. Kb5 Kc8 58. Be6+ Kb8 59. Bd7 Nd6+ 60.
Kc6 1-0

[Event "40th Olympiad Women"]
[Site "Istanbul TUR"]
[Date "2012.08.31"]
[Round "4.35"]
[Board "3"]
[White "Akintola, Olufunmilayo"]
[Black "Pacheco Medina, Hilzandryly"]
[Result "0-1"]
[WhiteElo "1747"]
[BlackElo "1820"]
[WhiteTeam "Nigeria"]
[BlackTeam "Puerto Rico"]
[WhiteFideId "8500886"]
[BlackFideId "3100480"]
[EventDate "2012.08.28"]

1. e4 e6 2. d4 d5 3. exd5 exd5 4. Nf3 Bd6 5. Bd3 Nf6 6. Bg5 h6 7. Bh4 g5 8. Bg3
Bxg3 9. hxg3 Bg4 10. Nc3 c6 11. Qd2 Bxf3 12. gxf3 Qb6 13. Qe3+ Kd8 14. O-O-O
Nbd7 15. Bf5 Kc7 16. Qe7 Rad8 17. Bxd7 Nxd7 18. Qxf7 Rdf8 19. Qh5 Qb4 20. Qg4
Qd6 21. Rde1 Rf6 22. Re3 a6 23. Rhe1 Rh7 24. Re6 Rxe6 25. Qxe6 Qxe6 26. Rxe6 Nb6
27. b3 Nc8 28. Ne2 Kd7 29. Re5 Ne7 30. f4 Ng6 31. Rf5 Ke6 32. Re5+ Nxe5 33. fxe5
Rf7 34. f4 gxf4 35. Nxf4+ Kf5 36. Kd2 c5 37. dxc5 Kxe5 38. Kd3 d4 39. a3 Rf5 40.
b4 h5 41. Ng6+ Kf6 42. Nf4 Rg5 43. Ne2 Ke5 44. a4 Rg4 45. b5 a5 46. b6 Kd5 47.
Nf4+ Kxc5 48. Nxh5 Kxb6 49. Nf6 Rxg3+ 50. Kxd4 Ra3 51. Nd5+ Kc6 52. Nc3 b6 53.
Kc4 Ra1 54. Kb3 Rg1 55. Kc4 Rg4+ 56. Kb3 Rb4+ 57. Ka3 Kc5 58. Na2 Rb1 59. Nc3
Rb4 60. Na2 Rc4 61. Kb3 b5 62. axb5 a4+ 63. Kb2 Kxb5 64. c3 Rg4 65. Ka3 Rg2 66.
Nb4 Rd2 67. Na2 Rc2 68. c4+ Kxc4 69. Nb4 Rc1 70. Nc6 Rb1 71. Ne5+ Kb5 72. Ng4
Rb3+ 73. Ka2 Kb4 74. Ne5 Kc3 75. Nc6 a3 76. Na5 Rb5 77. Nc6 Rc5 78. Ne7 Kb4 79.
Ng6 Rc2+ 80. Kb1 a2+ 81. Kxc2 a1=Q 82. Nf4 Qc3+ 83. Kd1 Qd4+ 0-1

[Event "40th Olympiad Women"]
[Site "Istanbul TUR"]
[Date "2012.08.31"]
[Round "4.36"]
[Board "4"]
[White "Abdi, Zineb Dina"]
[Black "Salim-Moussa, Seydi"]
[Result "1-0"]
[WhiteTitle "WCM"]
[WhiteElo "1898"]
[BlackElo "1806"]
[WhiteTeam "Algeria"]
[BlackTeam "Netherlands Antilles"]
[WhiteFideId "7900880"]
[BlackFideId "7500440"]
[EventDate "2012.08.28"]

1. e4 e5 2. Nf3 Nc6 3. Bc4 Bc5 4. c3 Nf6 5. d3 O-O 6. Nbd2 Ng4 7. O-O h6 8. h3
Nf6 9. b4 Be7 10. b5 Na5 11. Nxe5 Nxc4 12. Nexc4 d5 13. Ne3 dxe4 14. Nxe4 Nxe4
15. dxe4 Qe8 16. a4 Be6 17. Nd5 Rd8 18. Nxe7+ Qxe7 19. Qc2 Rd7 20. Ba3 Qg5 21.
f4 Qh4 22. Bxf8 Kxf8 23. Qf2 Qe7 24. Rfd1 Rxd1+ 25. Rxd1 Bb3 26. Rd4 Be6 27. Rd2
b6 28. Qd4 Qc5 29. Qxc5+ bxc5 30. Rd8+ Ke7 31. Ra8 Bc4 32. Rxa7 Kd8 33. Ra8+ Kd7
34. Rb8 g6 35. a5 1-0

[Event "40th Olympiad Women"]
[Site "Istanbul TUR"]
[Date "2012.08.31"]
[Round "4.37"]
[Board "1"]
[White "Steil-Antoni, Fiona"]
[Black "Milligan, Helen"]
[Result "1-0"]
[WhiteTitle "WIM"]
[BlackTitle "WFM"]
[WhiteElo "2173"]
[BlackElo "1987"]
[WhiteTeam "Luxembourg"]
[BlackTeam "New Zealand"]
[WhiteFideId "4001249"]
[BlackFideId "2401312"]
[EventDate "2012.08.28"]

1. e4 e5 2. Nf3 Nc6 3. Bc4 Nf6 4. Ng5 d5 5. exd5 Na5 6. Bb5+ c6 7. dxc6 bxc6 8.
Bd3 h6 9. Ne4 Nd5 10. O-O Be7 11. Re1 O-O 12. Nbc3 Nf4 13. Bf1 Qc7 14. d3 f5 15.
Ng3 Nb7 16. d4 Bd6 17. dxe5 Bxe5 18. Qf3 Ng6 19. Bc4+ Kh7 20. Bd2 Nd6 21. Bd3
Rb8 22. Rab1 Bd7 23. b3 Rbe8 24. Nf1 Rf6 25. Na4 Ne4 26. g3 c5 27. Be3 Bxa4 28.
bxa4 Bc3 29. Bb5 Rd8 30. Red1 Ne5 31. Qg2 Bd4 32. Re1 Nc3 33. Rb3 Ng4 34. Bxd4
cxd4 35. Bd3 Ne5 36. Rb7 Qc5 37. Nd2 Nxd3 38. cxd3 Rb6 39. Ree7 Rg8 40. Qf3 Ra6
41. Rbc7 Qa5 42. Nc4 Qxa4 43. Qxf5+ Kh8 44. Ne5 1-0

[Event "40th Olympiad Women"]
[Site "Istanbul TUR"]
[Date "2012.08.31"]
[Round "4.37"]
[Board "2"]
[White "Gao, Judy"]
[Black "Boyard, Marie"]
[Result "1/2-1/2"]
[WhiteTitle "WCM"]
[WhiteElo "1949"]
[BlackElo "2035"]
[WhiteTeam "New Zealand"]
[BlackTeam "Luxembourg"]
[WhiteFideId "4302257"]
[BlackFideId "4001486"]
[EventDate "2012.08.28"]

1. c4 Nf6 2. Nc3 d6 3. g3 e5 4. Bg2 Be7 5. d3 Nbd7 6. Rb1 a5 7. a3 O-O 8. Nf3
Ne8 9. O-O c6 10. b4 axb4 11. axb4 f5 12. e3 g5 13. b5 Qc7 14. Re1 Ng7 15. Bb2
g4 16. Nd2 Nc5 17. Qe2 Bf6 18. bxc6 bxc6 19. Ba1 Re8 20. Nb3 Nce6 21. Qd2 Bg5
22. Qd1 h5 23. d4 f4 24. dxe5 dxe5 25. Nb5 cxb5 26. Bxa8 bxc4 27. exf4 exf4 28.
Nd4 fxg3 29. hxg3 Rd8 30. Nxe6 Bxe6 31. Qa4 c3 32. Rb7 Qc5 33. Rb5 Qf8 34. Rxg5
Rxa8 35. Qd4 Qe7 36. Rg6 Qf7 37. Rg5 Qe7 38. Rg6 Qf7 39. Rg5 1/2-1/2

[Event "40th Olympiad Women"]
[Site "Istanbul TUR"]
[Date "2012.08.31"]
[Round "4.37"]
[Board "3"]
[White "Boyarchenko, Vlada"]
[Black "Tsoi, Nicole"]
[Result "1/2-1/2"]
[BlackTitle "WFM"]
[WhiteElo "1755"]
[BlackElo "1786"]
[WhiteTeam "Luxembourg"]
[BlackTeam "New Zealand"]
[WhiteFideId "4000072"]
[BlackFideId "4302605"]
[EventDate "2012.08.28"]

1. e4 e6 2. d4 d5 3. Nc3 Bb4 4. exd5 exd5 5. Bd3 Nf6 6. Ne2 Nc6 7. a3 Bxc3+ 8.
bxc3 O-O 9. O-O Ne4 10. f3 Nd6 11. Nf4 Ne7 12. Qe1 c6 13. Qf2 Bf5 14. Re1 Re8
15. Bd2 Qd7 16. Re2 Ng6 17. Rae1 Rxe2 18. Rxe2 Nc4 19. Bxc4 dxc4 20. Nxg6 Bxg6
21. Bc1 Re8 22. Kf1 h6 23. Bb2 Rxe2 24. Qxe2 Qf5 25. Kf2 Qxc2 26. Qxc2 Bxc2 27.
Ke3 g5 28. f4 f6 29. Kf3 Bf5 30. g4 Bc2 31. fxg5 hxg5 32. Kg3 Kf7 33. h4 gxh4+
34. Kxh4 Kg6 35. Bc1 Kf7 36. Kh5 Ke6 37. Kh6 Bd1 38. g5 fxg5 39. Kxg5 Kd5 40.
Kf4 Kd6 41. Be3 Kc7 42. Bc1 Kb6 43. Ke3 Bc2 44. Ke2 Kb5 45. Bf4 Ka4 46. Bd6 1/2-1/2